00562nam a2200169Ia 450000500170000000800410001702000150005808200130007310000190008624500320010526000400013730000130017750000830019094200060027395200980027999900150037720250617023705.0240331s9999 xx 000 0 und d a9552070775 bATTa302 aAththanayake,B 0aKanthawa saha sanniwedanaya aColombobS. Godage & Brothersc2005 a168 p ., aPractical knowledge and Productivity of rural women ( Women and Communication) cL 001040708LaWERCLbWERCLcSSCd2024-03-31l0o 302.23 ATTp6332r2024-03-31w2024-03-31yL c5074d5074